000 01254nam a2200301 i 4500
001 183802
003 ES-MaACL
005 20250710214252.0
008 141016s2014 sp aco | |||||||| |bspa d
020 _a978-84-8480-294-5
080 _a75 Greco (083.824)
080 _a7.036(083.824)
245 0 0 _aEl Greco & la pintura moderna
_b: [entre el 24 de junio y el 5 de octubre de 2014] /
_cedición a cargo de Javier Barón ; con textos de Javier Barón, Pedro J. Martínez Plaza, Javier Portús, Leticia Ruiz Gómez, Jeffrey Schrader, Veronika Schroeder.
246 3 _aEl Greco y la pintura moderna
260 _aMadrid :
_bMuseo Nacional del Prado,
_c2014.
300 _a342 p. :
_bprincipalmente il. col. y n. ;
_c30 cm.
500 _aÍndices.
504 _aBibliografía: p. 319-334.
600 0 7 _aEl Greco-
_vExposiciones.
_946892
600 0 4 _aEl Greco-
_xInfluencia-
_vExposiciones.
_9155732
650 7 _aArte-
_yS.XX-
_vExposiciones.
_910140
655 7 _2tgfbne
_9193628
_aCatálogos de exposiciones
700 0 _aBarón, Javier,
_d1956-
_925770
710 2 _aMuseo Nacional del Prado.
_9160001
852 _aES-MaACL
_jA-13277
_9190757
_bR.150216
_cDEPO1
_dOlim: N-6277
942 _2udc
_cMONOGRAFIA
999 _c183802
_d183802